| 000 | 00931nam a2200373Ia 4500 | ||
|---|---|---|---|
| 008 | 170203s9999 xx 000 0 und d | ||
| 020 | _a9781419709197 | ||
| 050 | _aFic | ||
| 050 | _bK55d | ||
| 100 | _aKinney, Jeff. | ||
| 245 | _aDiary of a wimpy kid : | ||
| 245 | _bthe third wheel / | ||
| 245 | _cby Jeff Kinney. | ||
| 250 | _aInternational edition. | ||
| 260 | _aNew York : | ||
| 260 | _bAmulet Books, | ||
| 260 | _c2013 | ||
| 300 | _a217 pages : | ||
| 300 | _billustrations ; | ||
| 300 | _c22 cm | ||
| 440 | _aDiary of a wimpy kid ; | ||
| 440 | _vbk.7. | ||
| 500 | _aOriginally published: New York : Amulet Books, 2012 | ||
| 650 | _aBest friends -- | ||
| 650 | _aDance parties -- | ||
| 650 | _aDiaries -- | ||
| 650 | _aFamily life -- | ||
| 650 | _aFriendship -- | ||
| 650 | _xFiction. | ||
| 650 | _xFiction. | ||
| 650 | _xFiction. | ||
| 650 | _xFiction. | ||
| 650 | _xFiction. | ||
| 999 |
_c306289 _d306289 |
||